00367nam a2200145Ia 4500008004100000020001500041041001200056082001600068100001500084245006000099250000800159260003900167300000800206650000700214221030s9999 xx 000 0 und d a0071233008 aEnglish a105.23bSen aJ. A. Senn 0aAnalysis & Design of Information Systemscby J. A. Senn a2nd bMcGraw Hill Pub.aNew Delhic2003 a853 aIT